000 00275 a2200121 4500
001 146299
040 _cEscola São Tomás de Aquino
100 _aSANTOS, Joel Rufino dos
240 1 0 _aRobin Hood
_lpor
245 1 0 _aRobin Hood
697 _a*LITERATURA JUVENIL
942 _cBK
999 _c146299
_d146299